| 000 | 00913nam a2200265Ia 4500 | ||
|---|---|---|---|
| 003 | OSt | ||
| 005 | 20220916110919.0 | ||
| 006 | a|||||r|||| 00| 0 | ||
| 007 | ta | ||
| 008 | 220915b |||||||| |||| 00| 0 hin d | ||
| 020 | _a8181436377 (hbk) | ||
| 024 | _a542 | ||
| 037 | _b482, 27/03/2008, Vani Prakashan | ||
| 037 | _cTextbook | ||
| 040 |
_bhin _aARTS _cARTS |
||
| 041 | _ahin | ||
| 082 | _aO152:g, P7 | ||
| 100 | _aवाजपेयी, किशोरीदास | ||
| 245 | 0 | _aसाहित्य - निर्माण की शिक्षा | |
| 246 | _aSāhitya - nirmāṇ kī shikṣhā | ||
| 260 |
_aनयी _bदिल्ली वाणी प्रकाशन भारत _c2007 |
||
| 300 |
_a88पृ0 _ccm. |
||
| 942 |
_hO152:g, P7 _cTB _2CC |
||
| 999 |
_c101207 _d101207 |
||